PRACTICAL MANUAL OF PHARMACEUTICAL INORGANIC CHEMISTRY (Record no. 33272)
[ view plain ]
| 000 -LEADER | |
|---|---|
| fixed length control field | 00347nam a2200133Ia 4500 |
| 008 - FIXED-LENGTH DATA ELEMENTS--GENERAL INFORMATION | |
| fixed length control field | 210215s9999 xx 000 0 und d |
| 020 ## - INTERNATIONAL STANDARD BOOK NUMBER | |
| International Standard Book Number | 9789388756266 |
| 082 ## - DEWEY DECIMAL CLASSIFICATION NUMBER | |
| Classification number | 615.5 |
| Item number | GRE-P |
| 100 ## - MAIN ENTRY--PERSONAL NAME | |
| Personal name | GREWAL AJMER SINGH |
| 245 #0 - TITLE STATEMENT | |
| Title | PRACTICAL MANUAL OF PHARMACEUTICAL INORGANIC CHEMISTRY |
| 260 ## - PUBLICATION, DISTRIBUTION, ETC. | |
| Name of publisher, distributor, etc. | R .NARAIN PRAKASHAN |
| 300 ## - PHYSICAL DESCRIPTION | |
| Extent | 64 |
| 942 ## - ADDED ENTRY ELEMENTS (KOHA) | |
| Koha item type | Book |
| Withdrawn status | Lost status | Damaged status | Not for loan | Collection code | Permanent Location | Current Location | Shelving location | Date acquired | Cost, normal purchase price | Total Checkouts | Full call number | Barcode | Date last seen | Date last checked out | Price effective from | Koha item type |
|---|---|---|---|---|---|---|---|---|---|---|---|---|---|---|---|---|
| Maharishi School of Pharmaceutical Science (Lucknow) | Maharishi School of Pharmaceutical Science (Lucknow) | R8S4 | 2021-02-15 | 80.00 | 1 | 615.19 GRE-P | SOPH1307 | 2025-01-28 | 2025-01-28 | 2021-02-15 | Book | |||||
| Maharishi School of Pharmaceutical Science (Lucknow) | Maharishi School of Pharmaceutical Science (Lucknow) | R8S4 | 2021-02-15 | 80.00 | 615.19 GRE-P | SOPH1308 | 2021-02-15 | 2021-02-15 | Book | |||||||
| Maharishi School of Pharmaceutical Science (Lucknow) | Maharishi School of Pharmaceutical Science (Lucknow) | R8S4 | 2021-02-15 | 80.00 | 615.19 GRE-P | SOPH1309 | 2021-02-15 | 2021-02-15 | Book | |||||||
| Maharishi School of Pharmaceutical Science (Lucknow) | Maharishi School of Pharmaceutical Science (Lucknow) | R8S4 | 2021-02-15 | 80.00 | 2 | 615.19 GRE-P | SOPH1310 | 2025-01-28 | 2025-01-28 | 2021-02-15 | Book | |||||
| Maharishi School of Pharmaceutical Science (Lucknow) | Maharishi School of Pharmaceutical Science (Lucknow) | R1S2 | 2021-02-15 | 80.00 | 615.5 | SOPH1311 | 2021-02-15 | 2021-02-15 | Reference Book |